000 01113nam a2200313 i 4500
003 EG-GICUC
005 20260218122238.0
008 260218s2004 fr |fr|||| 000 0 eng d
040 _aEG-GiCUC
_beng
_cEG-GiCUC
_dEG-GiCUC
_erda
041 0 _aeng
082 0 4 _221
_a341.73
_bCA . P
092 0 4 _221
099 _aLaw1 11 341.73 CA . P 2004
100 1 _aCaillé, Alain
_eAuthor.
245 0 0 _aPeace And Democracy :
_bBenchmarking /
_cBy Alain Caillé; Introduction By Boutros Boutros-ghali.
264 1 _aParis :
_bInternational Centre For Human Sciences, Byblos International Panel On Democracy And Development,
_c2004.
300 _a113 pages,
_c24 cm
336 _2rda content
_atext
337 _2rda media
_aComputer
338 _2rda carrier
_aOnline Resource
504 _aIncludes bibliographical references.
504 _aBibliography: pages 107-113.
546 _aText in English
650 1 4 _aPublic international law
700 1 _aBoutros-ghali, Boutros
_epresenter
856 4 0 _uhttps://fll.law.cu.edu.eg/fulltext/bks/B11-08061.pdf
905 _a48
942 _2ddc
_cBK
_e21
_n0
999 _c63539
_d63539